Statistics & probability / Belinda C. Silverio [and four others] ; Divina Gracia C. Divino, coordinator/editor. (Record no. 21560)

000 -LEADER
fixed length control field 00585nam a22001697a 4500
020 ## - INTERNATIONAL STANDARD BOOK NUMBER
ISBN 9789718219232
082 ## - DEWEY DECIMAL CLASSIFICATION NUMBER
Classification number 519.5
Item number Si5875 2023
100 ## - MAIN ENTRY--AUTHOR NAME
Personal name Silverio, Belinda C., author.
245 ## - TITLE STATEMENT
Title Statistics & probability / Belinda C. Silverio [and four others] ; Divina Gracia C. Divino, coordinator/editor.
260 ## - PUBLICATION, DISTRIBUTION, ETC. (IMPRINT)
Place of publication Malabon City :
Name of publisher Mutya Publishing House, Inc.,
Year of publication ©2023.
300 ## - PHYSICAL DESCRIPTION
Number of Pages v, 226 pages ;
Other physical details 26 cm.
500 ## - GENERAL NOTE
General note Includes bibliographical references.
650 ## - SUBJECT ADDED ENTRY--TOPICAL TERM
Topical Term Statistics.
650 ## - SUBJECT ADDED ENTRY--TOPICAL TERM
Topical Term Probabilities.
700 ## - ADDED ENTRY--PERSONAL NAME
Personal name Divino, Divina Gracia C., editor.
942 ## - ADDED ENTRY ELEMENTS (KOHA)
Koha item type Books
Holdings
Source of acquisition Permanent Location Date acquired Koha item type Collection code Accession Number Lost status Shelving location Withdrawn status Current Location Full call number
SchoolCagayan State University - Carig Library2025-12-03BooksPure Sciences011238 General Collection Cagayan State University - Carig Library519.5 Si5875 2023
SchoolCagayan State University - Carig Library2025-12-03BooksPure Sciences011239 General Collection Cagayan State University - Carig Library519.5 Si5875 2023
SchoolCagayan State University - Carig Library2025-12-03BooksPure Sciences011240 General Collection Cagayan State University - Carig Library519.5 Si5875 2023

Cagayan State University University Library, Carig Campus
Tuguegarao City, Cagayan 3500 | www.csucarig.edu.ph

Powered by Koha